| 000 | 00628nam a22002177a 4500 | ||
|---|---|---|---|
| 003 | OSt | ||
| 005 | 20160715164940.0 | ||
| 008 | 130731t xxu||||| |||| 00| 0 eng d | ||
| 020 | _a0395459923 | ||
| 050 |
_aPZ 7 _b.K52 1989 |
||
| 082 |
_aKF _bK58b 1989 |
||
| 100 |
_aKing-Smith, Dick _96361 |
||
| 245 |
_aBabe : _bthe gallant pig / _cDick King-Smith. |
||
| 260 |
_aBoston, MA : _bHoughton Mifflin Co., _c1989. |
||
| 300 |
_a112 p. ; _c22 cm. |
||
| 562 | _e1 | ||
| 650 |
_aChildren's Stories, English _xPigs - Fiction _xDomestic Stories - Fiction] _96992 |
||
| 700 |
_aKing-Smith, Dick _96361 |
||
| 942 |
_2lcc _cBK |
||
| 999 |
_c8329 _d8329 |
||